| 000 | 00976nam a2200277 a 4500 | ||
|---|---|---|---|
| 001 | 000028555 | ||
| 003 | DO-SdBNP | ||
| 005 | 20240508073816.0 | ||
| 008 | 110411s2010 dr ac 001 0 spa d | ||
| 020 | _a9789945074116 | ||
| 040 |
_aDO-SdBNP _bspa _cBNPHU |
||
| 049 | _aBNPD | ||
| 082 |
_a972.9362 _bA989h |
||
| 100 | 1 |
_aAyuso, Juan José, _d1940- _915819 |
|
| 245 | 1 | 0 |
_aHistoria pendiente : _bMoca, 2 de mayo de 1861 / _cJuan José Ayuso. |
| 260 |
_aSanto Domingo : _bArchivo General de la Nación, _c2010. _fBúho |
||
| 300 |
_a156 p. : _bil. retrs. ; _c23 cm. |
||
| 490 | 1 |
_aArchivo General de la Nación _v119 |
|
| 500 | _aIncluye índice onomástico. | ||
| 504 | _aIncluye bibliografía y notas al pie de páginas. | ||
| 504 | _aBibliografía: p. 139-142. | ||
| 651 | 4 |
_aMoca (República Dominicana) _xHistoria local _97056 |
|
| 651 | 0 |
_aRepública Dominicana -- _xHistoria -- _y1844-1930 _91009 |
|
| 910 | _aValidado. Control de calidad EMS. | ||
| 942 |
_2ddc _cLBS1 |
||
| 999 |
_c28047 _d28047 |
||